Normal view
MARC view
- Ṣiddīqī, Maḥmūd Rif’at
Entry Personal Name
001 - CONTROL NUMBER
- control field: 6825
003 - CONTROL NUMBER IDENTIFIER
- control field: NUST
005 - DATE AND TIME OF LATEST TRANSACTION
- control field: 20171129091128.0
008 - FIXED-LENGTH DATA ELEMENTS
- fixed length control field: 171129|| aca||aabn | a|a d
040 ## - CATALOGING SOURCE
- Original cataloging agency: NUST
- Transcribing agency: NUST
100 ## - HEADING--PERSONAL NAME
- Personal name: Ṣiddīqī, Maḥmūd Rif’at
670 ## - SOURCE DATA FOUND
- Source citation: Work cat.: (NUST): Ṣiddīqī, Maḥmūd Rif’at, Qur’ān ke aḥkām :, 2017
